| 000 | 01914nam a22002537a 4500 | ||
|---|---|---|---|
| 003 | BJBSDDR | ||
| 005 | 20260511170149.0 | ||
| 006 | a|||||r|||| 00| 0 | ||
| 007 | ta | ||
| 008 | 260511s20102001nyu|||||r|||| 00| 0 eng d | ||
| 020 | _a9780812966008 | ||
| 040 |
_bspa _cBJBSDDR |
||
| 041 | _aeng | ||
| 050 | _bM875t 2010 | ||
| 100 | 1 |
_aMorris, Edmund, _d1940-2019 _948392 |
|
| 245 | 1 | 0 |
_aTheodore Rex / _bEdmund Morris. |
| 250 | _aPaperback Edition | ||
| 260 |
_aNew York : _bRandom House, _c2010 |
||
| 300 |
_aX, 772 páginas : _billustrations ; _c21 cm |
||
| 505 | _aContenidos : Prologue 14–16 September 1901 Part One — The First Administration, 1901–1904 The Shadow of the Crown The Most Damnable Outrage One Vast, Smoothly Running Machine A Message from the President Turn of a Rising Tide Two Pilots Aboard, and Rocks Ahead Genius, Force, Originality The Good Old Summertime No Power or Duty Many Budding Things Part Two — The Second Administration, 1905–1909 The Best Herder of Emperors Since Napoleon Mere Force of Events The Treason of the Senate Blood Through Marble The Clouds That Are Gathering Such a Fleet and Such a Day Moral Overstrain The Residuary Legatee One Long Lovely Crackling Row Epilogue 4 March 1909 Back Matter Notes Bibliography Index | ||
| 520 | _aThe biography portrays Theodore Roosevelt as an energetic and transformative leader who modernized the American presidency. Morris emphasizes Roosevelt’s charisma, intellectual curiosity, and political skill while also examining his ambitions and controversies. The narrative explores how Roosevelt expanded federal authority, promoted conservation, confronted monopolies, and positioned the United States as a growing world power. | ||
| 942 |
_2lcc _n0 _cBK |
||
| 946 | _illh | ||
| 999 |
_c127049 _d127049 |
||